| 000 | 01024cam a2200337 a 4500 | ||
|---|---|---|---|
| 001 | 15765137 | ||
| 003 | OSt | ||
| 005 | 20140310184512.0 | ||
| 008 | 090605s2010 nyu d 000 1 eng | ||
| 010 | _a 2009021126 | ||
| 020 | _a9780545136037 | ||
| 040 |
_aDLC _cDLC _dDLC |
||
| 042 | _alcac | ||
| 050 | 0 | 0 |
_aPZ 7 _b.J154365Sp 2010 |
| 082 | 0 | 0 | _a[Fic] |
| 100 | 1 |
_aJames, Sabrina. _918534 |
|
| 245 | 1 | 0 |
_aSpring fling / _cSabrina James. |
| 260 |
_aNew York : _bPoint, _cc2010. |
||
| 300 |
_a341 p. ; _c18 cm. |
||
| 521 | _aG6 | ||
| 526 | _c860 | ||
| 650 | 1 |
_aSpring break _vFiction. _929246 |
|
| 650 | 1 |
_aDating (Social customs) _vFiction. _929247 |
|
| 650 | 1 |
_aSelf-perception _vFiction. _929248 |
|
| 650 | 1 |
_aBeaches _vFiction. _929249 |
|
| 651 | 1 |
_aMiami (Fla.) _vFiction. _929250 |
|
| 906 |
_a7 _bcbc _corignew _d1 _eecip _f20 _gy-gencatlg |
||
| 942 |
_2lcc _cBK-SCHOLAS |
||
| 999 |
_c34910 _d34910 |
||